Missing Word: Fight or Flight Quiz Stats

Quiz Updated Aug 11, 2015

Challenge
Share
Tweet
Embed
Score 0/20 Timer 04:00
0 Plays Today
Phrase Word % Correct
Fight ____Club
95.5%
(You Gotta) Fight for Your ____ (to Party)Right
95.3%
First solo flight across the ____Atlantic
94.7%
____ FightersFoo
94.1%
Gunfight at the O.K. ____Corral
92.7%
Fighter ____Pilot
87.6%
Flight ____Attendant
87.2%
Fighting ____Irish
85.9%
The Fight of the ____Century
84.8%
Flight ____Simulator
81.1%
Phrase Word % Correct
Flight ____Deck
79.8%
Flight Data ____Recorder
77.4%
____ FlightFirst
71.9%
Flight for ____Life
58.5%
Flight of the ____Bumblebee
54.1%
____ FightersCrime
50.5%
Trans ____ Airlines Flight 800World
49.3%
Ultimate Fighting ____ Championship
47.1%
Fight the ____Power
46.3%
Flight of ____Icarus
7.8%

Today's Daily Dose

Word Ladder
TV Networks

Quick Pick
Medical Terms

On This Day
May 21st II

You're not logged in!

Compare scores with friends on all Sporcle quizzes.
Join for Free
OR
Log In

You Might Also Like...

Show Comments

Extras

Top Quizzes Today


Score Distribution

Your Account Isn't Verified!

In order to create a playlist on Sporcle, you need to verify the email address you used during registration. Go to your Sporcle Settings to finish the process.

Report this User

Report this user for behavior that violates our Community Guidelines.

Details: